| Поле | Название | Значение |
| |
Тип записи |
a |
| |
Библиографический уровень |
m |
| 001 |
Контрольный номер |
RU\NLR\BIBL_A\011394343 |
| 005 |
Дата корректировки |
20230808123340.2 |
| 010 |
Индекс ISBN |
__ |
| a |
ISBN |
978-5-906791-00-9 |
| d |
Цена |
371-04 |
| 021 |
№ государственной регистрации |
__ |
| b |
№ документа |
2017-32455 |
| 100 |
Данные общей обработки |
__ |
| a |
Данные общей обработки |
19170526d20 |||y0rusy0189 ca |
| 101 |
Язык документа |
0_ |
| a |
Язык текста |
rus |
| c |
Язык оригинала |
fre |
| 102 |
Страна публикации |
__ |
| a |
Страна публикации |
RU |
| 102 |
Страна публикации |
__ |
| a |
Страна публикации |
RU |
| 105 |
Кодированные данные (монография) |
__ |
| a |
Кодированные данные (монография) |
a|||z|||000zy |
| 200 |
Заглавие и сведения об ответственности |
1_ |
| a |
Заглавие |
Слушай свое тело - и ешь! |
| e |
Сведения, относящиеся к заглавию |
пять травм, эмоции и вес |
| f |
Первые сведения об ответственности |
Лиз Бурбо ; [перевод с французского Н. Белоусовой] |
| 210 |
Выходные данные |
1_ |
| a |
Место издания |
Москва |
| c |
Издательство |
София |
| d |
Дата издания |
2017 |
| 215 |
Физическое описание |
__ |
| a |
Объем |
220, [1] с. |
| c |
Иллюстрации/тип воспроизводства |
ил. |
| 225 |
Серия (Журнальная рубрика) |
2_ |
| a |
Серия (Журнальная рубрика) |
Серия "Слушай свое тело" |
| 320 |
Библиография |
__ |
| a |
Библиография |
Библиогр. в подстроч. примеч. |
| 330 |
Аннотация |
__ |
| a |
Аннотация |
В книге Лиз Бурбо дает много важных подсказок и советов, которые помогут взглянуть под новым углом на отношения, сложившиеся у тебя с твоей тарелкой. Ты увидишь тесную связь между физическим телом и твоим эмоциональным, ментальным и духовным состоянием. Книга ставит своей целью: - показать тебе, что, кроме голода, есть шесть других причин, побуждающих нас есть; подсказать, как определить одну из пяти травм, которые мешают тебе иметь желаемый вес; - помочь тебе полюбить себя в своем теле - таким, как ты есть прямо сейчас. |
| 517 |
Другие варианты заглавия |
1_ |
| a |
Другие варианты заглавия |
Ecoute et mange |
| 606 |
Тематические рубрики |
__ |
| a |
Основная рубрика |
Здравоохранение. Медицинские науки |
| 606 |
Тематические рубрики |
__ |
| a |
Основная рубрика |
Гигиена питания |
| 606 |
Тематические рубрики |
__ |
| a |
Основная рубрика |
Психотерапия |
| 610 |
Ключевые слова |
0_ |
| a |
Ключевые слова |
питание и вес тела |
| 686 |
Индексы других классификаций |
__ |
| 2 |
Код системы |
rubbk |
| a |
Индекс ББК |
51.230 |
| 686 |
Индексы других классификаций |
__ |
| a |
Индекс ББК |
53.57 |
| 700 |
Автор |
_1 |
| a |
Фамилия |
Бурбо |
| b |
Имя |
Л. |
| f |
Даты |
1941- |
| g |
Полное личное имя |
Лиз |
| 801 |
Источник записи |
_0 |
| a |
Страна |
RU |
| b |
Организация |
NLR |
| c |
Дата составления |
20170526 |
| g |
Правила каталогизации |
RCR |
| 801 |
Источник записи |
_1 |
| a |
Страна |
RU |
| b |
Организация |
NLR |
| c |
Дата составления |
20170526 |
| 801 |
Источник записи |
_2 |
| a |
Страна |
RU |
| b |
Организация |
NLR |
| c |
Дата составления |
20170526 |
| 801 |
Источник записи |
_2 |
| a |
Страна |
RU |
| b |
Организация |
Центральная районная библиотека им. Г. А. Пирожникова |
| c |
Дата составления |
20170526 |
| 852 |
Данные о местонахождении |
__ |
| j |
Шифр хранения |
51.230 |
| i |
Авторский знак |
Б 91 |
| b |
Сигла хранения |
ООЧ; 22 |
| 901 |
Тип документа |
__ |
| t |
Тип документа |
m |
| 902 |
Роль лиц |
__ |
| a |
Создатель БЗ |
ОКиО/Струналь |
| 990 |
Данные о заказе (DOS) |
__ |
| j |
Количество экземпляров (DOS) |
2 |
| h |
N записи в КСУ для Б/У (DOS) |
2017-11 |